书目信息 |
| 题名: |
机器视觉与机器学习
|
|
| 作者: | 宋丽梅, , 朱新军 编著 | |
| 分册: | ||
| 出版信息: | 北京 机械工业出版社 2020.06 |
|
| 页数: | X, 378页 | |
| 开本: | 26cm | |
| 丛书名: | ||
| 单 册: | ||
| 中图分类: | TP302.7 , TP181 | |
| 科图分类: | ||
| 主题词: | 计算机视觉--ji suan ji shi jue , 机器学习--ji qi xue xi | |
| 电子资源: | ||
| ISBN: | 978-7-111-65454-4 | |
| 000 | 01220nam0 2200301 450 | |
| 001 | 2076487313 | |
| 005 | 20201104211457.94 | |
| 010 | @a978-7-111-65454-4@dCNY118.00 | |
| 100 | @a20200706d2020 em y0chiy50 ea | |
| 101 | 0 | @achi |
| 102 | @aCN@b110000 | |
| 105 | @aa a 000yy | |
| 200 | 1 | @a机器视觉与机器学习@Aji qi shi jue yu ji qi xue xi@e算法原理、框架应用与代码实现@f宋丽梅, 朱新军编著 |
| 210 | @a北京@c机械工业出版社@d2020.06 | |
| 215 | @aX, 378页@c图@d26cm | |
| 300 | @a机工IT | |
| 314 | @a宋丽梅, 教授、博士生导师。 | |
| 320 | @a有书目 (第377-378页) | |
| 330 | @a本书内容共10章。第1章为绪论, 包括机器视觉的相关概念, 机器视觉的发展、基本任务、应用领域与困难, 以及马尔视觉理论 ; 第2章为数字图像处理 ; 第3章为相机成像 ; 第4章为相机标定 ; 第5章为Shapefrom X ; 第6章为双目立体视觉 ; 第7章为结构光三维视觉等。 | |
| 517 | 1 | @a算法原理、框架应用与代码实现@Asuan fa yuan li 、 kuang jia ying yong yu dai ma shi xian |
| 606 | 0 | @a计算机视觉@Aji suan ji shi jue |
| 606 | 0 | @a机器学习@Aji qi xue xi |
| 690 | @aTP302.7@v5 | |
| 690 | @aTP181@v5 | |
| 701 | 0 | @a宋丽梅,@Asong li mei@f1976-@4编著 |
| 701 | 0 | @a朱新军@Azhu xin jun@4编著 |
| 801 | 0 | @aCN@b人天书店@c20201003 |
| 905 | @aZUCC@dTP302.7@eS772 | |
| 机器视觉与机器学习:算法原理、框架应用与代码实现/宋丽梅, 朱新军编著.-北京:机械工业出版社,2020.06 |
| X, 378页:图;26cm |
| 机工IT |
| ISBN 978-7-111-65454-4:CNY118.00 |
| 本书内容共10章。第1章为绪论, 包括机器视觉的相关概念, 机器视觉的发展、基本任务、应用领域与困难, 以及马尔视觉理论 ; 第2章为数字图像处理 ; 第3章为相机成像 ; 第4章为相机标定 ; 第5章为Shapefrom X ; 第6章为双目立体视觉 ; 第7章为结构光三维视觉等。 |
| ● |
| 相关链接 |
|
|
|
正题名:机器视觉与机器学习
索取号:TP302.7/S772
 
预约/预借
| 序号 | 登录号 | 条形码 | 馆藏地/架位号 | 状态 | 备注 |
| 1 | 1478238 | 214782387 | 自科库301/301自科库 75排1列3层/ [索取号:TP302.7/S772] | 在馆 |